00391nam a22001457a 450000500170000000800410001704100080005808200230006610000140008924500410010326000520014430000090019650000250020550000150023020250425120335.0250425b |||||||| |||| 00| 0 eng d amar a891.46bPAT B22582 aPatange R aRajarshi Shahu Maharaj Jeevan V Kary aPunebBharatiya Vichar Sadhana Prakashan c2023 a143p aMarathi Literature  aLiterature